<?xml version="1.0" encoding="UTF-8"?>
<record
    xmlns:xsi="http://www.w3.org/2001/XMLSchema-instance"
    xsi:schemaLocation="http://www.loc.gov/MARC21/slim http://www.loc.gov/standards/marcxml/schema/MARC21slim.xsd"
    xmlns="http://www.loc.gov/MARC21/slim">

  <leader>03090nam a2200265 a 4500</leader>
  <controlfield tag="001">000008721</controlfield>
  <controlfield tag="005">20200929161409.0</controlfield>
  <controlfield tag="008">090918s2005    dr a          001 0 spa d</controlfield>
  <datafield tag="040" ind1=" " ind2=" ">
    <subfield code="a">DO-SdBNP</subfield>
    <subfield code="b">spa</subfield>
    <subfield code="c">BNPHU</subfield>
  </datafield>
  <datafield tag="082" ind1=" " ind2=" ">
    <subfield code="a">543</subfield>
    <subfield code="b">V195t</subfield>
  </datafield>
  <datafield tag="100" ind1="1" ind2=" ">
    <subfield code="a">Valls Planells, Oriol</subfield>
    <subfield code="9">23220</subfield>
  </datafield>
  <datafield tag="245" ind1="1" ind2="0">
    <subfield code="a">T&#xE9;cnicas instrumentales en farmacia y ciencias de la salud /</subfield>
    <subfield code="c">Oriol Valls Planells, Benito Del Castillo.</subfield>
  </datafield>
  <datafield tag="250" ind1=" " ind2=" ">
    <subfield code="a">Ed. especial dominicana</subfield>
  </datafield>
  <datafield tag="260" ind1=" " ind2=" ">
    <subfield code="a">Santo Domingo :</subfield>
    <subfield code="b">Oficina del Ordenador Nacional para los Fondos Europeos del Desarrollo,</subfield>
    <subfield code="c">2005.</subfield>
  </datafield>
  <datafield tag="300" ind1=" " ind2=" ">
    <subfield code="a">666 p. :</subfield>
    <subfield code="b">il ;</subfield>
    <subfield code="c">30 cm.</subfield>
  </datafield>
  <datafield tag="505" ind1="2" ind2=" ">
    <subfield code="a">Concepto, inter&#xE9;s y clasificaci&#xF3;n de las t&#xE9;cnicas instrumentales / Oriol Valls, Benito del Castillo -- Interaci&#xF3;n de la radiaci&#xF3;n electromagn&#xE9;tica con la materia / Oriol Valls, Benito del Castillo -- T&#xE9;cnicas espectroscos / Oriol Valls, Benito del Castillo -- Espectroscop&#xED;a at&#xF3;micas / Oriol Valls -- Espectroscop&#xED;a de emisi&#xF3;n de llama / Victoria Girona -- Espectroscop&#xED;a de emisi&#xF3;n plasma / Benito del Castillo -- Espectroscop&#xED;a de absorci&#xF3;n at&#xF3;mica / M. Teresa Montero -- Espectroscop&#xED;a de fluorescencia at&#xF3;mica / Benito del Castillo, Sof&#xED;a Rodenas -- Espectroscop&#xED;as de rayos x / Berm&#xFA;dez Polonio -- Espectros moleculares /Oriol Valls -- Espectroscop&#xED;a infrarroja /Oriol Valls -- Reflectometr&#xED;a / Oriol Valls -- Espectroscop&#xED;as de luminiscencia molecualr (fluorimetr&#xED;a y fosforimetr&#xED;a) / Benito del Castillo, M. Antonia Mart&#xED;n -- T&#xE9;cnicas de quimioluminiscencia / Willy R. G. Baeyens, Betty Lin Ling, Kazuhiro Imai -- Espectroscop&#xED;a fotoac&#xFA;stica / Fern&#xE1;ndo Ferr&#xE1;ndiz -- M&#xE9;todos basados en la dispersi&#xF3;n de la radiaci&#xF3;n electromagn&#xE9;tica con la materia / Jordi Hern&#xE1;ndez -- T&#xE9;cnicas espectropolarimetricas: rotaci&#xF3;n &#xF3;ptica y dicroismo circular / Joan Estelrich -- Espectroscop&#xED;as de resonancia magn&#xE9;tica nuclear / Licensio Rodr&#xED;guez -- Microscop&#xED;a electr&#xF3;nica / Benito del Castillo -- T&#xE9;cnicas electroquimicas. conductimetria /M. Luisa Garc&#xED;a -- M&#xE9;todos potenciometricos / Benito del Castillo -- T&#xE9;cnicas voltametricas / M. Luisa Garc&#xED;a.</subfield>
  </datafield>
  <datafield tag="505" ind1="0" ind2=" ">
    <subfield code="a">Electroforesis / Sof&#xED;a Rodenas -- Isoelectroenfoque. isotacoforesis / Sof&#xED;a Rodenas -- Electroforesis capilar / M. Carmen Mart&#xED;n -- Electroforesis de celulas y particulas en suspensi&#xF3;n citoferometria / Fern&#xE1;ndo Ferr&#xE1;ndiz -- Cromatografia de l&#xED;quidos / Benito del Castillo, Pedro Andr&#xE9;s -- Cromatograf&#xED;a plana / Betty Ling , R. G. Baeyenns , Benito del Castillo , Oriol Valls -- Cromatograf&#xED;a de gases y l&#xED;quidos supercr&#xED;ticos / Oriol Valls , Pedro Andr&#xE9;s -- Espectrometria de masas / Oriol Valls -- Ultracentrifugaci&#xF3;n / Oriol Valls -- T&#xE9;cnicas radioquimicas / Jos&#xE9; Luis Moreno -- M&#xE9;todos t&#xE9;rmicos / M. Antonia Egea -- Automatismo en instrumentaci&#xF3;n / Oriol Valls.</subfield>
  </datafield>
  <datafield tag="590" ind1=" " ind2=" ">
    <subfield code="a">Inventariado, 2020/MFF</subfield>
  </datafield>
  <datafield tag="650" ind1=" " ind2="4">
    <subfield code="a">Qu&#xED;mica anal&#xED;tica</subfield>
    <subfield code="9">23221</subfield>
  </datafield>
  <datafield tag="650" ind1=" " ind2="4">
    <subfield code="a">Qu&#xED;mica farmac&#xE9;utica</subfield>
    <subfield code="9">23222</subfield>
  </datafield>
  <datafield tag="650" ind1=" " ind2="4">
    <subfield code="a">Farmacia</subfield>
    <subfield code="9">6324</subfield>
  </datafield>
  <datafield tag="650" ind1=" " ind2="4">
    <subfield code="a">Medicamentos</subfield>
    <subfield code="9">6323</subfield>
  </datafield>
  <datafield tag="700" ind1="1" ind2=" ">
    <subfield code="a">Sagredo Fern&#xE1;ndez, Adolfo,</subfield>
    <subfield code="e">pr&#xF3;l.</subfield>
    <subfield code="9">23223</subfield>
  </datafield>
  <datafield tag="910" ind1=" " ind2=" ">
    <subfield code="a">Validado. Control de calidad MMOLINA</subfield>
  </datafield>
  <datafield tag="952" ind1=" " ind2=" ">
    <subfield code="0">0</subfield>
    <subfield code="1">0</subfield>
    <subfield code="7">1</subfield>
    <subfield code="8">PD</subfield>
    <subfield code="a">PD</subfield>
    <subfield code="b">PD</subfield>
    <subfield code="c">HD</subfield>
    <subfield code="d">2009-09-18</subfield>
    <subfield code="i">LF1</subfield>
    <subfield code="l">0</subfield>
    <subfield code="o">543 V195t</subfield>
    <subfield code="p">8721-10</subfield>
    <subfield code="r">2020-06-25</subfield>
    <subfield code="w">2020-06-25</subfield>
    <subfield code="y">LFPD</subfield>
    <subfield code="Z">No se presta</subfield>
  </datafield>
  <datafield tag="999" ind1=" " ind2=" ">
    <subfield code="c">8491</subfield>
    <subfield code="d">8491</subfield>
  </datafield>
</record>
